书目信息 |
| 题名: |
学习指导的理论与实践
|
|
| 作者: | 钟祖荣 著 | |
| 分册: | ||
| 出版信息: | 北京 教育科学出版社 2001.05 |
|
| 页数: | 337页 | |
| 开本: | 26cm | |
| 丛书名: | ||
| 单 册: | ||
| 中图分类: | G424.6 | |
| 科图分类: | ||
| 主题词: | 辅导(教学) , 教学法--自学 | |
| 电子资源: | ||
| ISBN: | 7-5041-2138-X | |
| 000 | 00572nam0 2200205 45 | |
| 001 | 0210220864 | |
| 005 | 20041130160218.0 | |
| 010 | @a7-5041-2138-X@dCNY30.00 | |
| 100 | @a20021022d2001 km y0chiy0120 ea | |
| 101 | 0 | @achi |
| 105 | @a z 000yy | |
| 200 | 1 | @a学习指导的理论与实践@AXue Xi Zhi Dao De Li Lun Yu Shi Jian@f钟祖荣著@FZhong Zu Rong Zhu |
| 210 | @a北京@c教育科学出版社@d2001.05 | |
| 215 | @a337页@d26cm | |
| 606 | 0 | @a辅导(教学) |
| 606 | 0 | @a教学法@x自学 |
| 690 | @aG424.6@v4 | |
| 701 | @a钟祖荣@4著 | |
| 801 | @aCN@bTSTC@c20021022 | |
| 905 | @dG424.6@e87 | |
| 学习指导的理论与实践/钟祖荣著.-北京:教育科学出版社,2001.05 |
| 337页;26cm |
| ISBN 7-5041-2138-X:CNY30.00 |
| ● |
| 相关链接 |
|
|
|
|
正题名:学习指导的理论与实践
索取号:G424.6/87
 
预约/预借
| 序号 | 登录号 | 条形码 | 馆藏地/架位号 | 状态 | 备注 |
| 1 | 0316016 | 203160168 | 密集书库/ [索取号:G424.6/87] | 在馆 | |
| 2 | 0316017 | 203160177 | 第四借阅区/ [索取号:G424.6/87] | 在馆 | |
| 3 | 0316018 | 203160186 | 第四借阅区/ [索取号:G424.6/87] | 在馆 | |
| 4 | 0316019 | 203160195 | 密集书库/ [索取号:G424.6/87] | 在馆 | |
| 5 | 0316020 | 203160202 | 第一样本阅览室/ [索取号:G424.6/87] | 在馆 |